Les films de Georges Lautner - Statistiques

Statistiques générales
  • Ce quiz a été pris 18 fois
  • Le résultat moyen est 27 sur 42
Statistiques - réponses
Année Acteur(s) Actrice(s) Mots à trouver Film % Correct
1960 Bernard Blier Juliette Mayniel 1 Marche ou {crève}
100%
1964 Louis de Funès Mireille Darc 1 Des {pissenlits} par la racine
94%
1963 Lino Ventura Sabine Sinjen 1 Les {Tontons} flingueurs
94%
1979 Jean-Paul Belmondo Marie Laforêt 1 Flic ou {Voyou}
88%
1984 Jean-Paul Belmondo Sophie Marceau 1 Joyeuses {Pâques}
88%
1985 Michel Serrault Antonella Interlenghi 1 La Cage aux {Folles} 3
88%
1976 Pierre Richard Miou-Miou 1 On aura {tout} vu
88%
1971 Jean Yanne Mireille Darc 1 Laisse aller... c'est une {valse} !
82%
1964 Paul Meurisse Barbara Steele 1 Le Monocle rit {jaune}
82%
1974 Claude Brasseur Mireille Darc 1 Les {seins} de glace
82%
1992 Jean-Paul Belmondo Renée Faure 1 L'Inconnu dans la {maison}
82%
1966 Lino Ventura Mireille Darc 1 Ne nous {fâchons} pas
82%
1981 Gérard Lanvin Miou-Miou 1 Est-ce bien {raisonnable} ?
76%
1972 Michel Constantin Mireille Darc 1 Il était une fois un {flic}
76%
1977 Alain Delon Ornella Muti 1 Mort d'un {pourri}
76%
1973 Michel Galabru Dani 1 Quelques messieurs trop {tranquilles}
76%
1967 Maurice Biraud Mireille Darc 1 La grande {sauterelle}
71%
1987 Roland Giraud Clémentine Célarié 1 La Vie {dissolue} de Gérard Floque
71%
1981 Jean-Paul Belmondo Élisabeth Margoni 1 Le {Professionnel}
71%
1964 Lino Ventura Mireille Darc 1 Les {Barbouzes}
71%
1965 Bernard Blier Mireille Darc 1 Les {bons} vivants
71%
1968 Jean Gabin Dany Carrel 1 Le {Pacha}
65%
1983 Roger Hanin Miou-Miou 1 Attention, une {femme} peut en cacher une autre !
59%
1978 Jean Lefebvre Renée Saint-Cyr 1 Ils sont fous ces {sorciers}
59%
1980 Jean-Paul Belmondo Carla Romanelli 1 Le {Guignolo}
59%
1961 Paul Meurisse Elga Andersen 1 Le {monocle} noir
59%
1962 Bernard Blier Danièle Delorme 1 Le {septième} juré
59%
1962 Paul Meurisse Elga Andersen 1 L'oeil du {Monocle}
59%
1975 Jean Lefebvre Miou-Miou 1 Pas de {problème} !
59%
1992 Michel Serrault Isabelle Alexis 1 {Room} service
59%
1988 Patrick Bruel Anne Brochet 1 La maison {assassinée}
53%
1973 Michel Constantin Mireille Darc 1 La {Valise}
53%
1989 Victor Lanoux Renée Saint-Cyr 1 L'invité {surprise}
53%
1967 Maurice Biraud Mireille Darc 1 {Fleur} d'oseille
47%
1970 Robert Walker Jr. Mimsy Farmer 1 La route de {Salina}
41%
1985 Aldo Maccione Renée Saint-Cyr 1 Le {Cowboy}
41%
1961 Bernard Blier Lucile Saint-Simon 1 Arrêtez les {tambours}
29%
1962 Félix Marten Martine Carol 1 En plein {cirage}
24%
1966 Venantino Venantini Mireille Darc 1 {Galia}
24%
1958 Serge Davri Lucette Raillat 1 La Môme aux {boutons}
24%
1990 Michael Brandon Sophie Duez 1 Présumé {dangereux}
24%
1991 Patrick Chesnais Cécile Pallas 1 {Triplex}
24%
Aucun quiz correspondant
Distribution des résultats
% des personnes avec chaque résultat
Percentile par nombre de réponses
Votre historique - résultats
Vous n’avez pas pris ce quiz